000 01013nam a2200253Ia 4500
005 20240530110934.0
008 140319s2008 xx 000 0 ara d
020 _a9772159686
040 _aGCL /
_cGCL
082 0 4 _a361.85 /
_bط خ
100 1 _aطلعت ابراهيم لطفى
245 1 0 _aالخدمة الاجتماعية العمالية /
_cطلعت ابراهيم لطفى
250 _aالاولى
260 _aالقاهرة :
_bدار غريب للطباعة والنشر والتوزيع،
_c2008
300 _a383 ص؛
_b24 سم
650 0 4 _aالخدمة الاجتماعية
650 0 4 _a الخدمة الاجتماعية العمالية
_2qrmak
_zالمملكة العربية السعودية
650 0 4 _aالرعاية الاجتماعية
_2qrmak
_zمصر
650 0 4 _aمشكلات العمل
650 0 4 _aالنقابات العمالية
650 0 4 _aالمؤسسات الاجتماعية
942 _2ddc
_cBK
999 _c66705
_d66705